[Event "Match/Team URS-World 20,5-19,5"]
[Site "Belgrade"]
[Date "1970.03.29"]
[Round "1.8"]
[White "Matulovic, Milan"]
[Black "Botvinnik, Mikhail"]
[Result "0-1"]
[WhiteElo "2560"]
[BlackElo "2640"]
[Annotator "Botvinnik/Matulovic"]
[PlyCount "92"]
[EventDate "1970.03.29"]
[EventType "team"]
[EventRounds "4"]
[EventCountry "YUG"]
[SourceTitle "MCL"]
[Source "ChessBase"]
[SourceDate "1999.07.01"]
[SourceVersion "1"]
[SourceVersionDate "1999.07.01"]
[SourceQuality "1"]
[WhiteTeam "World"]
[BlackTeam "Soviet Union"]
[BlackTeamCountry "URS"]
[TimeControl "40/9000:16/5400:0"]

1. e4 g6 2. d4 Bg7 3. Nf3 d6 4. Bc4 Nf6 5. Qe2 c6 6. Bb3 O-O 7. Bg5 (7. O-O d5
8. e5 Ne8 9. c3 Nc7 10. Ne1 b6 11. Be3 Ba6 12. Nd3 c5 13. Bc2 Nc6 14. Rc1 cxd4
15. cxd4 f6 16. Qd2 fxe5 17. Nxe5 Nxe5 18. dxe5 Bxe5 19. Bb3 e6 20. Bh6 Rf5 21.
g3 Qf6 {0-1 (21) Pirc,V-Uhlmann,W Marianske Lazne 1965}) 7... h6 $146 (7... e5
8. dxe5 dxe5 9. Nbd2 Qc7 10. Nc4 a5 11. a4 Nh5 12. O-O Na6 13. Qe3 Bg4 14. h3
Bxf3 15. Qxf3 Nc5 16. Be3 Ne6 17. c3 Qe7 18. Rfd1 Nhf4 19. Bb6 Bh6 20. Kh1 Qf6
21. Rd6 Ra6 22. Rad1 Nh5 23. Qxf6 Nxf6 24. f3 Rfa8 25. Be3 Bf4 26. Bf2 Ne8 27.
Rd7 b5 28. Nd6 Nxd6 29. R1xd6 bxa4 30. Bc4 Bc1 31. Bxa6 Rxa6 32. Rb7 a3 33.
bxa3 Bxa3 34. Rdd7 Bc5 35. Bxc5 Nxc5 36. Ra7 Rxa7 37. Rxa7 {Matulovic,
M-Huebner,R Athens 1969 1-0}) 8. Bh4 e5 9. dxe5 dxe5 10. Nbd2 (10. Nxe5 $4 Qa5+
{Botvinnik=:B}) 10... Qc7 11. Nc4 Nh5 12. Bg3 $8 {Matulovic=:M} (12. O-O-O Nf4
13. Qf1 Bg4 {M}) 12... Nf4 $1 {M} (12... Bg4 13. Bxe5 $1 Bxe5 14. Ncxe5 Nf4 15.
Qd2 $16 {B}) (12... Nxg3 $2 13. hxg3 b5 14. Ne3 {/\ 15.0-0-0, 16.g4-> M}) 13.
Bxf4 exf4 14. O-O-O $6 {M} (14. e5 $142 Bg4 15. Qe4 Bxf3 16. gxf3 {M}) 14...
Bg4 15. e5 (15. h3 Bxf3 16. Qxf3 Nd7 17. Nd6 Ne5 18. Qxf4 Rfd8 $19 {B}) 15...
Nd7 16. Qe4 Rad8 $1 {M} (16... Bxf3 17. gxf3 Nxe5 18. Nxe5 Qxe5 19. Qxe5 Bxe5
20. Rd7 $1 {B}) 17. Qxf4 Bxf3 18. Qxf3 b5 19. Ne3 Nxe5 20. Qg3 a5 21. a3 Kh7
22. Ng4 $2 {M/B} (22. f4 $1 {M} Nd7 23. f5 $1 {B} Be5 24. Qf3 Bf4 25. Kb1 $10 {
M}) 22... h5 23. Nxe5 Bxe5 $17 {M} 24. Qf3 Kg7 25. Rhe1 (25. Rxd8 $142 Rxd8 26.
Rd1 {M}) 25... Bf6 26. c3 c5 (26... Qxh2 27. Qxc6 {B} (27. g3)) 27. Rxd8 Rxd8
28. g3 (28. h3 $142 {B}) 28... c4 29. Bc2 b4 30. axb4 axb4 31. cxb4 Qb6 (31...
Qa7 $1 32. Kb1 (32. Qa3 Qxf2) 32... Ra8 (32... Qd4 33. Qc3 Qxf2 34. Qe3 Qxh2
$19 {M} (34... Rd1+ $145 $1 $19)) 33. Qa3 Qd4 $1 (33... Qxf2 34. Qe3 Qxh2 $19 {
B}) 34. Qc3 (34. Rd1 $1 Qe5 35. f4 {B}) 34... Qxc3 $18 {M}) 32. Rd1 Qxb4 $2 (
32... Re8 $1 33. Rd7 (33. Qa3 $8 Qxf2) 33... Qxb4 34. Qd5 Re1+ 35. Qd1 Qxb2+
36. Kd2 Bc3# {B}) 33. Rxd8 Qxb2+ 34. Kd1 Bxd8 35. Qd5 Qf6 36. Ke2 $2 {M/B} (36.
f4 $1 {M} c3 (36... Qa1+ 37. Ke2 Bf6 38. Qxc4 Qg1 39. Bb3 {B}) 37. Bb3 $10 {M})
36... Bb6 (36... Qc3 $2 37. Bxg6 $1 {B}) 37. f4 Qc3 38. Qe4 Bd4 (38... Bg1 $1
39. f5 gxf5 40. Qxf5 Qe3+ 41. Kf1 Bxh2 $19 {B}) 39. f5 $2 $19 {M/B} (39. Kf1 $1
{M/B} Qa1+ 40. Kg2 Qg1+ 41. Kh3 Qf1+ 42. Qg2 $17 {B}) 39... gxf5 40. Qxf5 Qe3+
41. Kf1 (41. Kd1 Bc3 $19 {B}) 41... Qg1+ 42. Ke2 Qxh2+ 43. Kd1 Qg1+ 44. Ke2
Qe3+ 45. Kf1 (45. Kd1 Bc3 $19 {B}) 45... Qxg3 46. Qh7+ Kf8 0-1

[Event "Hamburg HSK"]
[Site "Hamburg"]
[Date "2011.01.03"]
[Round "2.2"]
[White "Berger, Steve"]
[Black "Fries Nielsen, Jens Ove"]
[Result "1/2-1/2"]
[WhiteElo "2427"]
[BlackElo "2430"]
[Annotator "Bracker/Balcerak"]
[PlyCount "93"]
[EventDate "2011.01.02"]
[EventType "tourn"]
[EventRounds "9"]
[EventCountry "GER"]
[EventCategory "7"]
[SourceTitle "CBM 140 Extra"]
[Source "ChessBase"]
[SourceDate "2011.03.01"]
[SourceVersion "1"]
[SourceVersionDate "2011.03.01"]
[SourceQuality "1"]

1. e4 g6 2. d4 Bg7 3. Nc3 c6 4. Bc4 d6 5. Qf3 e6 6. d5 c5 7. h4 Nf6 8. h5 Nxh5
9. Rxh5 gxh5 10. dxe6 (10. Bb5+ Ke7 11. Bg5+ f6 $13 {wäre die logische Folge
gewesen}) 10... Bxe6 11. Bxe6 fxe6 12. Qxh5+ {[#]bisschen optimistisch oder
Steve?} Kd7 13. Bf4 Bxc3+ 14. bxc3 Qf6 15. Ne2 Nc6 16. O-O-O e5 17. Be3 Kc7 18.
c4 Rag8 19. Nc3 Kb8 20. g3 Qe6 21. Nd5 Qg6 22. Qh4 Rf8 23. Ne7 Qe6 24. Nxc6+
bxc6 25. f4 Ka8 26. f5 Qxc4 27. Rxd6 Qc3 (27... Rb8 $142) 28. Bf2 Rb8 29. Rd3
Qa1+ 30. Kd2 Qxa2 31. Qf6 Qa5+ 32. Ke2 Qb5 33. Kf3 Rhe8 {(=)} 34. Qd6 (34. Rd7
{und Weiß steht bereits angenehmer}) 34... Rb7 35. Ra3 a5 36. c4 Qa6 {[#]} 37.
Qxc5 (37. Bxc5 $1 {und Weiß steht ziemlich fett} a4 38. f6 $18) 37... a4 38.
Kg2 Rb3 39. f6 Rb7 40. Rf3 Rf7 41. Rf5 Re6 42. Rxe5 Rxe5 43. Qxe5 Qxc4 44. Qa5+
Kb8 45. e5 Kc8 46. e6 Qxe6 $2 (46... Qe4+ $1 47. Kg1 Rb7 $1 $19 {und Schwarz
setzt zuerst Matt}) 47. Qa8+ {(=)} 1/2-1/2

[Event "URS-ch46 First League"]
[Site "Ashkhabad"]
[Date "1978.??.??"]
[Round "5"]
[White "Makarichev, Sergey"]
[Black "Tseshkovsky, Vitaly"]
[Result "1/2-1/2"]
[WhiteElo "2495"]
[BlackElo "2570"]
[Annotator "Bulletin"]
[PlyCount "60"]
[EventDate "1978.10.??"]
[EventType "tourn"]
[EventRounds "17"]
[EventCountry "URS"]
[EventCategory "10"]
[SourceTitle "MCL"]
[Source "ChessBase"]
[SourceDate "1999.07.01"]
[SourceVersion "1"]
[SourceVersionDate "1999.07.01"]
[SourceQuality "1"]

1. e4 g6 2. d4 Bg7 3. Nc3 c5 4. dxc5 Qa5 5. Nge2 Nf6 6. e5 Ng4 7. f4 Qxc5 8.
Ne4 Qb6 9. N2c3 f5 10. Nd5 Qd8 11. Be2 Nh6 12. Ng5 Nc6 13. O-O Nf7 14. Nxf7
Kxf7 15. Bc4 (15. g4 e6 16. gxf5 exd5 17. Qxd5+ Ke8 18. f6 Bh6 19. Be3 $1 $16)
15... e6 16. Ne3 Qb6 17. Kh1 Rd8 18. Bb3 d5 19. exd6 Na5 20. Bd2 Nxb3 21. Nc4
Nxa1 22. Nxb6 axb6 23. Qxa1 Rxd6 $10 24. Bb4 Rd8 25. Qe1 Bd7 26. Qh4 Re8 27.
Qf2 b5 28. Ba3 Bc6 29. Rd1 Rad8 30. Rxd8 Rxd8 1/2-1/2

[Event "ROM-chT"]
[Site "Baile Tusnad"]
[Date "1997.??.??"]
[Round "?"]
[White "Vajda, Levente"]
[Black "Nanu, Ciprian Costica"]
[Result "1/2-1/2"]
[WhiteElo "2435"]
[BlackElo "2340"]
[Annotator "Bulletin"]
[PlyCount "135"]
[EventDate "1997.??.??"]
[EventType "team"]
[EventRounds "5"]
[EventCountry "ROU"]
[SourceTitle "EXT 1999"]
[Source "ChessBase"]
[SourceDate "1998.11.16"]
[SourceVersion "1"]
[SourceVersionDate "1998.11.16"]
[SourceQuality "1"]

1. e4 g6 2. d4 Bg7 3. Nc3 c6 4. Bc4 d5 5. exd5 b5 6. Bb3 b4 7. Nce2 cxd5 8. a3
(8. Bd2 $16) 8... bxa3 9. Rxa3 Nf6 10. Nf4 O-O 11. Nge2 Nc6 12. c3 Na5 13. Bc2
Nc4 14. Ra2 a5 15. O-O Ba6 16. Re1 e6 17. Nd3 Qb6 18. Nc5 Rfc8 19. Nxa6 Rxa6
20. Nf4 Ra7 21. Nd3 Ne4 22. f3 Nf6 23. Kh1 Nd7 24. Bf4 Bf8 25. Qe2 Bd6 26. Bxd6
Qxd6 27. Rea1 Rca8 28. Ba4 Ncb6 29. Bb5 Qc7 30. Qd2 Nc4 31. Qe2 Ncb6 32. g3 a4
33. Nb4 a3 34. bxa3 Qxc3 35. Qd3 Na4 36. Qd1 Nb2 37. Qe2 Rxa3 38. Rxa3 Rxa3 39.
Rb1 Qxb4 40. Rxb2 Qd6 41. Bxd7 Qxd7 42. Qe5 Ra8 43. g4 Rc8 44. Rb8 Rxb8 45.
Qxb8+ Kg7 46. g5 Qe7 47. Qf4 f6 48. h4 Kf7 49. Qg3 Kg7 50. Kg2 h6 51. gxf6+
Kxf6 52. Qe5+ Kf7 53. Qf4+ Kg7 54. Qe5+ Kh7 55. Kh3 g5 56. h5 Qe8 57. Kg2 Qf7
58. Qd6 Kg8 59. Qb8+ Qf8 60. Qc7 Qa8 61. Qe5 Qc8 62. Qf6 Qc2+ 63. Kg3 Qf5 64.
Qxh6 Kf7 65. Qh8 Qf4+ 66. Kg2 Qd2+ 67. Kh3 Qf4 68. Kg2 1/2-1/2

[Event "SUI-chT"]
[Site "Switzerland"]
[Date "1996.??.??"]
[Round "6"]
[White "Ekstroem, Roland"]
[Black "Gavrikov, Viktor"]
[Result "1-0"]
[WhiteElo "2430"]
[BlackElo "2605"]
[Annotator "Bulletin"]
[PlyCount "63"]
[EventDate "1996.??.??"]
[EventType "team-tourn"]
[EventRounds "9"]
[EventCountry "SUI"]
[SourceTitle "CBM 055 Extra"]
[Source "ChessBase"]
[SourceDate "1997.01.01"]
[SourceVersion "1"]
[SourceVersionDate "1997.01.01"]
[SourceQuality "1"]

1. e4 g6 2. d4 Bg7 3. Nc3 c6 4. Bf4 $6 Qb6 5. Nge2 Qxb2 6. Rb1 Qa3 7. g3 d6 8.
Bg2 Nd7 9. O-O Qa5 10. Qd2 Qc7 11. Be3 Nb6 12. Qd3 Nf6 13. h3 O-O $15 14. f4
Be6 15. f5 Bc4 16. Qd2 Ba6 17. Bh6 Nc4 18. Qg5 b5 19. Nf4 Rab8 20. Rbe1 b4 {[#]
} 21. fxg6 hxg6 22. Bxg7 Kxg7 23. e5 dxe5 24. dxe5 Nxe5 25. Rf2 bxc3 26. Rxe5
Rb1+ 27. Kh2 Rh8 28. Be4 {[#]} Nxe4 $2 29. Rxe4 Rb5 $2 {[#]} 30. Qxg6+ fxg6 31.
Ne6+ Kh6 32. Nxc7 (32. Nxc7 Ra5 33. Rh4+ Kg7 34. Ne6+ Kg8 35. Rf8#) 1-0

[Event "Bad Ragaz op"]
[Site "Bad Ragaz"]
[Date "1993.??.??"]
[Round "5"]
[White "Ambroz, Jan"]
[Black "Baum, Bernd"]
[Result "1-0"]
[WhiteElo "2420"]
[BlackElo "2305"]
[Annotator "Bulletin"]
[PlyCount "57"]
[EventDate "1993.??.??"]
[EventType "swiss"]
[EventRounds "9"]
[EventCountry "SUI"]
[SourceTitle "CBM 038"]
[Source "ChessBase"]
[SourceDate "1994.02.01"]
[SourceVersion "1"]
[SourceVersionDate "1994.02.01"]
[SourceQuality "1"]

1. e4 d6 2. d4 Nf6 3. Nc3 g6 4. Be3 c6 5. Qd2 b5 6. Bd3 Nbd7 7. Nf3 Qc7 8. O-O
Bg7 9. Bh6 O-O 10. Ne2 e5 11. c3 Nb6 12. Ng3 Re8 13. Bxg7 Kxg7 14. Nh4 Ng8 15.
f4 f6 16. Rf2 Be6 17. f5 Bd7 (17... Bf7 18. fxg6 hxg6 19. Raf1 Bxa2 20. Rxf6 (
20. Nxg6 Kxg6 21. Qe2 $40) 20... Nxf6 21. Qg5 Nh7 (21... Qf7 22. Rxf6 Qxf6 23.
Nh5+ $18) 22. Ngf5+ Kg8 23. Nh6+ Kg7 24. Qxg6+ Kh8 25. Nf7+ $18) 18. fxg6 hxg6
19. Raf1 Rf8 20. Qe2 Qc8 21. Nxg6 Kxg6 (21... Bg4 22. Nf5+ Qxf5 23. exf5 Bxe2
24. Rxe2 Rfe8 25. dxe5 dxe5 26. Be4 Nd5 27. Rd1 Rad8 28. Red2 $16) 22. Qh5+ Kg7
23. Qh4 Qd8 24. Nh5+ Kg6 25. Rf3 f5 26. exf5+ Kf7 27. f6 Be6 28. Ng7 Nxf6 29.
Rxf6+ 1-0

[Event "Oberliga Bayern 9495"]
[Site "Bayern"]
[Date "1995.??.??"]
[Round "?.3"]
[White "Grundherr, Martin"]
[Black "Kuraszkiewicz, Michael"]
[Result "1-0"]
[WhiteElo "2320"]
[BlackElo "2325"]
[Annotator "Bulletin"]
[PlyCount "81"]
[EventDate "1994.10.09"]
[EventType "team-tourn"]
[EventRounds "9"]
[EventCountry "GER"]
[SourceTitle "EXT 1999"]
[Source "ChessBase"]
[SourceDate "1998.11.16"]
[SourceVersion "1"]
[SourceVersionDate "1998.11.16"]
[SourceQuality "1"]
[WhiteTeam "Pang/Rosenheim SG"]
[BlackTeam "Hof SK"]
[WhiteTeamCountry "GER"]
[BlackTeamCountry "GER"]

1. Nf3 d6 2. d4 g6 3. e4 Bg7 4. Nc3 Nc6 5. h3 a6 6. Be2 Nf6 7. a4 O-O 8. Bg5 h6
9. Be3 Kh7 10. d5 Nb8 11. g4 Ne8 12. Qd2 c5 13. h4 Nd7 14. Nh2 Nc7 15. f4 e6
16. dxe6 Nxe6 17. Nf3 Qb6 18. Rb1 Nd4 19. Nd5 Nxf3+ 20. Bxf3 Qd8 21. h5 g5 22.
fxg5 Ne5 23. Be2 Bxg4 24. g6+ (24. gxh6 $142) 24... Kh8 25. Bxh6 Bf3 26. Bxg7+
Kxg7 27. h6+ Kxg6 28. Rg1+ Kh7 29. Qf4 $18 f5 (29... Bxe2 30. Nf6+ Kh8 31. Rg7)
30. Bxf3 Qh4+ 31. Ke2 Nxf3 32. Qxf3 (32. Rg7+ Kh8 33. Qxh4 Nxh4 34. Rh1 $18)
32... Rae8 33. Nc3 fxe4 34. Qg3 Qh5+ 35. Qg4 Qxg4+ 36. Rxg4 e3 37. Rg2 Rf2+ 38.
Rxf2 exf2+ 39. Kxf2 Kxh6 40. Rd1 Re6 41. Kf3 1-0

[Event "BCF-ch"]
[Site "Dundee"]
[Date "1993.??.??"]
[Round "8"]
[White "Hennigan, Michael"]
[Black "Webster, Andrew"]
[Result "1/2-1/2"]
[WhiteElo "2415"]
[BlackElo "2410"]
[Annotator "Bulletin"]
[PlyCount "113"]
[EventDate "1993.08.??"]
[EventType "swiss"]
[EventRounds "11"]
[EventCountry "SCO"]
[SourceTitle "CBM 038"]
[Source "ChessBase"]
[SourceDate "1994.02.01"]
[SourceVersion "1"]
[SourceVersionDate "1994.02.01"]
[SourceQuality "1"]

1. Nf3 g6 2. e4 Bg7 3. d4 c6 4. c3 d5 5. e5 Bg4 6. Nbd2 Nd7 7. h3 Bxf3 8. Nxf3
e6 9. h4 h6 10. Bf4 Ne7 11. Qd2 a6 12. b4 $6 (12. b3 $5) 12... a5 13. b5 a4 (
13... c5 14. a4) 14. bxc6 bxc6 15. c4 dxc4 16. Bxc4 Nb6 17. Rc1 Nxc4 18. Rxc4
Qd5 19. Qc2 $1 $14 O-O 20. O-O a3 21. Rb1 Rfb8 22. Rxb8+ Rxb8 23. Bc1 Ra8 24.
Rc5 Qd8 25. Rc3 Nf5 26. Qe4 Bf8 27. Qxc6 Rb8 (27... Nxd4 28. Nxd4 Qxd4 29. Qxa8
Qxc3 30. Bxa3 Qa1+ 31. Kh2 Qxe5+ 32. g3 Qg7 33. Qe8 $18) 28. Qc7 (28. Bxa3 Bxa3
29. Rxa3 Nxd4 $132) 28... Be7 29. Qxd8+ Rxd8 30. Bxa3 Bxa3 31. Rxa3 Nxd4 32.
Nxd4 Rxd4 33. g3 Rd2 34. Kg2 g5 35. hxg5 hxg5 36. Kf3 g4+ 37. Ke3 Rd5 38. Kf4
Rd2 39. Ke3 Rd5 40. Kf4 Rd2 41. Kxg4 Rxf2 42. Ra5 Kg7 43. a4 Rc2 44. Kg5 Rc4
45. g4 Re4 46. Kh5 Kh7 47. g5 Rf4 48. Rb5 Rf1 (48... Rxa4 49. Rb7 Rf4 (49...
Kg8 50. g6 fxg6+ 51. Kxg6 $18) 50. g6+ Kg7 51. Rxf7+ Rxf7 52. gxf7 Kxf7 53. Kh6
Ke7 54. Kg7 Kd7 55. Kf6 Kd8 56. Kxe6 Ke8 57. Kd6 Kd8 58. e6 Ke8 59. e7 $18) 49.
g6+ (49. Rb7 Rh1+ $10) 49... fxg6+ 50. Kg5 Rf5+ 51. Kg4 Kh6 52. a5 Rf1 53. a6
Ra1 54. Rb6 Ra4+ 55. Kf3 Kg5 56. Rxe6 Kf5 57. Rf6+ 1/2-1/2

[Event "BCF-ch"]
[Site "Dundee"]
[Date "1993.??.??"]
[Round "2"]
[White "Hebden, Mark"]
[Black "Webster, Andrew"]
[Result "1-0"]
[WhiteElo "2560"]
[BlackElo "2410"]
[Annotator "Bulletin"]
[PlyCount "91"]
[EventDate "1993.08.??"]
[EventType "swiss"]
[EventRounds "11"]
[EventCountry "SCO"]
[SourceTitle "CBM 038"]
[Source "ChessBase"]
[SourceDate "1994.02.01"]
[SourceVersion "1"]
[SourceVersionDate "1994.02.01"]
[SourceQuality "1"]

1. e4 g6 2. d4 Bg7 3. Nf3 c6 4. h3 d6 5. Bd3 e5 6. c3 Nd7 7. Nbd2 Ngf6 8. O-O
O-O 9. Re1 Re8 10. a4 (10. Nc4 $5 Qc7 11. dxe5 Nxe5 12. Nfxe5 dxe5 13. a4 $14)
10... d5 $1 11. exd5 Nxd5 12. dxe5 Nxe5 13. Nxe5 Rxe5 14. Rxe5 Bxe5 15. Nf3 Bg7
16. a5 $1 $14 Be6 $5 (16... Qd6 17. Bc4 $14 Bf5 18. Be3) 17. Ng5 Bd7 $2 (17...
Qd6 18. Nxe6 Qxe6 19. Bc4 Nxc3 $1 20. Qb3 (20. Bxe6 Nxd1 21. Bb3 Nxb2 $17)
20... Qe1+ 21. Kh2 Qxf2 $1) 18. Bc4 Qe7 19. Bxd5 cxd5 20. Be3 $1 {/\ Bd4, Nf3}
(20. Qxd5 $2 Qe1+) 20... d4 $1 21. cxd4 Bc6 22. Nf3 Qe4 23. Qb3 Rd8 24. a6 bxa6
(24... b6 $1 25. Rc1 Bxd4 26. Bxd4 (26. Rd1 Bf6) 26... Rxd4 27. Rxc6 Qxc6 28.
Nxd4 Qc1+ 29. Kh2 Qf4+) (24... b6 $5) 25. Rxa6 $16 Qb1+ (25... Bd5 26. Qc3) 26.
Kh2 Bd5 27. Qb5 Bxf3 28. gxf3 Qd1 29. Rd6 $1 Rf8 (29... Rxd6 30. Qe8+ Bf8 31.
Bh6 $18) 30. Kg2 Qc2 31. Rc6 Qb1 32. Ra6 Qf5 33. Qxf5 gxf5 34. Rxa7 f4 35. Bxf4
Bxd4 36. Rb7 Rc8 37. Be3 Be5 38. b4 Rc4 39. b5 Kg7 40. b6 Rb4 41. Rd7 Kf6 42.
Rd8 Ke7 43. Rd3 Rb1 44. f4 Bb8 45. Kf3 f5 46. Rd5 (46. Rd5 Ke6 47. Rd8 $18) 1-0

[Event "EU-chT (Men) 10th"]
[Site "Debrecen"]
[Date "1992.11.??"]
[Round "9.1"]
[White "Sax, Gyula"]
[Black "Bologan, Viktor"]
[Result "0-1"]
[WhiteElo "2600"]
[BlackElo "2585"]
[Annotator "Bulletin"]
[PlyCount "134"]
[EventDate "1992.11.20"]
[EventType "team-swiss"]
[EventRounds "9"]
[EventCountry "HUN"]
[SourceTitle "EU-chT"]
[Source "ChessBase"]
[SourceDate "1999.07.01"]
[SourceVersion "2"]
[SourceVersionDate "1999.07.01"]
[SourceQuality "1"]
[WhiteTeam "Hungary II"]
[BlackTeam "Moldova"]
[WhiteTeamCountry "HUN"]
[BlackTeamCountry "MDA"]

1. e4 g6 2. d4 Bg7 3. Nc3 c6 4. h3 $5 d6 5. g3 e5 6. Nge2 (6. dxe5 dxe5 7.
Qxd8+ Kxd8 $10) 6... b5 $1 7. a3 a6 (7... Nd7 $6 8. d5) 8. Bg2 Nd7 9. O-O h5 $1
{><g4, Ne2} 10. f4 Bb7 11. Be3 Ngf6 12. Qd2 O-O 13. Rad1 Re8 14. dxe5 dxe5 15.
Nc1 $1 {/\ Qf2, Nd3} c5 $1 (15... a5 16. b4 {/\ Nd3}) (15... Qe7 16. Nd3 c5 $2
17. fxe5) 16. fxe5 Nxe5 17. Qxd8 (17. Qf2 Qc7 18. Bxc5 Nfg4 19. hxg4 Nxg4 20.
Bd6 Nxf2 21. Bxc7 Nxd1 22. Rxd1 Bxc3 23. bxc3 Bxe4 $10) 17... Raxd8 18. Rxd8
Rxd8 19. Bxc5 Nfd7 $44 20. Rd1 $1 $8 Nc6 $6 (20... Rc8 21. Bd4 Nf8 {/\ Ne6,
Nc4~/=}) 21. Bf2 Bxc3 22. bxc3 Nde5 23. Nd3 $1 $14 (23. Rxd8+ $2 Nxd8 24. Nd3
Nc4 $15) 23... Bc8 $8 {/\ Be6-c4} 24. Bb6 Rd6 25. Bc5 Rd8 26. Bb6 Rd6 27. Kf2
Be6 28. Ke1 Rd7 29. Bc5 Bc4 (29... g5 $5 {/\ Bc4}) 30. Nf4 Rxd1+ 31. Kxd1 f6
32. h4 $1 {/\ Bh3-c8} Kf7 33. Bh3 g5 $1 34. Nd5 (34. hxg5 fxg5 35. Nxh5 Kg6 36.
g4 Be6 $15) 34... gxh4 35. gxh4 Ng6 36. Bf2 Nce7 37. Nc7 f5 $1 $10 (37... a5
38. Bd7 $18) 38. Nxa6 (38. exf5 $4 Nf4 $19) (38. Bxf5 Nxf5 39. exf5 Ne7 $10)
38... Nf4 39. Bxf5 Nxf5 40. exf5 Kf6 41. Nc5 Kxf5 42. Kd2 Ng2 $1 {xe1, e3, h4}
43. Nd3 $6 (43. a4) 43... Ke4 44. Nb2 Bf1 45. c4 $5 bxc4 46. c3 $2 (46. Kc3 $10
) 46... Kf3 47. Be1 Ne3 $15 48. a4 Bh3 49. a5 Bc8 50. Na4 $2 (50. Kc1 {/\ Bd2=}
) 50... Nf1+ 51. Kd1 Ke3 $1 52. Nb6 Bg4+ 53. Kc1 Ke2 54. Nxc4 Bc8 $3 (54...
Kxe1 55. a6 Bf3 56. a7 Ng3 57. Nb6 Nf5 58. c4 $1 $10) 55. Nd6 (55. Bd2 Ba6 $19)
55... Ba6 56. c4 Kxe1 57. c5 Ne3 58. c6 Nd5 59. Ne4 Bd3 $1 $19 60. Ng3 Bg6 {
xNg3} 61. a6 Kf2 62. a7 Nc7 63. Nxh5 Bxh5 64. Kd2 Kf3 65. Kd3 Kf4 66. Kc4 Ke5
67. Kc5 Na8 0-1

[Event "EU-chT (Men) 10th"]
[Site "Debrecen"]
[Date "1992.11.??"]
[Round "3.4"]
[White "Dimitrov, Vladimir"]
[Black "Nijboer, Friso"]
[Result "0-1"]
[WhiteElo "2405"]
[BlackElo "2455"]
[Annotator "Bulletin"]
[PlyCount "84"]
[EventDate "1992.11.20"]
[EventType "team-swiss"]
[EventRounds "9"]
[EventCountry "HUN"]
[SourceTitle "EU-chT"]
[Source "ChessBase"]
[SourceDate "1999.07.01"]
[SourceVersion "2"]
[SourceVersionDate "1999.07.01"]
[SourceQuality "1"]
[WhiteTeam "Bulgaria"]
[BlackTeam "Netherlands"]
[WhiteTeamCountry "BUL"]
[BlackTeamCountry "NED"]

1. e4 d6 2. d4 g6 3. Nc3 Bg7 4. Be3 a6 5. Qd2 b5 6. f3 c6 7. h4 Nf6 8. Bh6 Bxh6
9. Qxh6 Qa5 10. Nge2 Nbd7 11. Nc1 c5 12. Nb3 Qc7 13. Qe3 cxd4 14. Qxd4 Qb6 (
14... Bb7 $6 15. a4 e5 16. Qb4 bxa4 17. Qxa4 $14) 15. Qd2 Bb7 16. O-O-O Nc5 17.
Nxc5 Qxc5 18. Bd3 O-O-O 19. Kb1 Kb8 20. Qh6 Rc8 21. Rhe1 Nd7 22. f4 e5 23. g3
Qf2 (23... Qb6) 24. Qg5 Rhe8 (24... f6 $2 25. Qg4 f5 26. Qg5 $16 (26. exf5 $2
Bf3 $17)) 25. Rf1 Qb6 26. f5 Rxc3 27. bxc3 Nc5 28. fxg6 fxg6 29. Rf7 Na4 30.
Rdf1 Qc5 31. Kc1 (31. Rf8 $2 Qa3 32. Rxe8+ Ka7 $19) 31... Qa3+ 32. Kd1 Nxc3+
33. Ke1 d5 34. Rd7 (34. Rxh7 Qb4 35. Rff7 Nxe4+ 36. Kf1 Nxg5 37. Rxb7+ $10)
34... dxe4 35. Rff7 Bc8 36. Qe3 Bxd7 37. Rxd7 Kc8 38. Qa7 Qc1+ 39. Kf2 Nd1+ 40.
Ke1 Nc3+ 41. Kf2 Nd1+ 42. Ke1 Nb2+ (42... Nb2+ 43. Kf2 Nxd3+ 44. cxd3 Rf8+ 45.
Rf7 Qc2+ 46. Kg1 Qb1+ 47. Kh2 Qxa2+ 48. Kh3 Qe6+ 49. Kg2 Rxf7 $19) 0-1

[Event "USA-ch"]
[Site "Greenville"]
[Date "1983.??.??"]
[Round "4"]
[White "De Firmian, Nick E"]
[Black "Soltis, Andrew E"]
[Result "0-1"]
[WhiteElo "2475"]
[BlackElo "2455"]
[Annotator "Bulletin"]
[PlyCount "74"]
[EventDate "1983.07.??"]
[EventType "tourn"]
[EventRounds "13"]
[EventCountry "USA"]
[EventCategory "10"]
[SourceTitle "MCL"]
[Source "ChessBase"]
[SourceDate "1999.07.01"]
[SourceVersion "1"]
[SourceVersionDate "1999.07.01"]
[SourceQuality "1"]

1. e4 g6 2. d4 Bg7 3. Nc3 d6 4. f4 c6 5. Nf3 Bg4 6. Be3 Qb6 7. Qd2 Bxf3 8. gxf3
Qxb2 $6 (8... Nd7) 9. Rb1 Qa3 10. Rxb7 Nd7 11. Rb3 $1 (11. Qd3 $5) (11. Bh3 Nb6
12. Qd3) 11... Qa5 12. d5 Rc8 (12... cxd5 13. Nxd5 $1) (12... Nc5 13. Bxc5 Qxc5
14. dxc6 Nf6 15. Ba6 O-O 16. Bb7) 13. dxc6 Rxc6 14. Nd5 Qxa2 (14... Qxd2+ 15.
Kxd2) 15. Nb4 Qa1+ 16. Kf2 Rc8 17. e5 $1 Nh6 18. Bd4 Qa5 19. Ba6 Rc5 (19... O-O
20. Ra1 Qd8 21. Bxc8 Qxc8 22. Rc3) 20. Ra1 Qc7 21. Bd3 $1 O-O 22. Na6 Qc8 23.
Nxc5 Nxc5 24. Bxc5 Qxc5+ 25. Qe3 Qc8 26. Kg2 dxe5 27. Rxa7 (27. fxe5 Nf5 28.
Bxf5) 27... exf4 28. Qxf4 e5 29. Qc4 (29. Qg5 $1) 29... Qd8 30. Rb1 $4 (30. Kh1
Qg5 31. Rbb7) 30... Qg5+ 31. Kh1 (31. Kf2 e4 $1 32. Bxe4 Qd2+ 33. Kf1 Bd4)
31... Qe3 32. Rab7 Qxf3+ 33. Kg1 Ng4 34. Rxf7 Rxf7 35. Rf1 Qe3+ 36. Kg2 Nf2 37.
Be2 Qg5+ 0-1

[Event "BCF-ch"]
[Site "Dundee"]
[Date "1993.??.??"]
[Round "5"]
[White "Hodgson, Julian M"]
[Black "Koshy, Varugeese"]
[Result "1-0"]
[WhiteElo "2625"]
[BlackElo "2415"]
[Annotator "Bulletin"]
[PlyCount "47"]
[EventDate "1993.08.??"]
[EventType "swiss"]
[EventRounds "11"]
[EventCountry "SCO"]
[SourceTitle "CBM 038"]
[Source "ChessBase"]
[SourceDate "1994.02.01"]
[SourceVersion "1"]
[SourceVersionDate "1994.02.01"]
[SourceQuality "1"]

1. d4 g6 2. e4 Bg7 3. Nc3 d6 4. Be3 a6 5. Qd2 b5 (5... Nd7 $5) 6. a4 b4 7. Nd1
a5 8. c3 bxc3 9. bxc3 c6 $6 (9... Nf6 10. f3 Nbd7) 10. f3 Ba6 11. Bxa6 Nxa6 12.
h4 $1 $16 d5 $5 (12... h5 13. Nh3 {/\ Ng5+/=}) 13. e5 $6 (13. h5 $1 dxe4 14. h6
Bf6 (14... Bf8 $5) 15. fxe4 e5 16. Nf3) 13... f6 $1 (13... e6 14. h5) (13... h5
14. e6 $1) 14. f4 h5 $2 (14... Nh6 $5) 15. exf6 exf6 16. f5 $1 gxf5 17. Nh3 Ne7
18. O-O Nc7 19. Nf4 Kf7 20. Qe2 $1 {/\ Bc1-a3} Ne8 21. Bc1 Qd7 22. Ba3 Nc8 23.
c4 Nb6 24. Rb1 $1 (24. Rb1 Nxc4 25. Rb7 $1 Qxb7 26. Qe6#) 1-0